LEADER 01303nam a2200301 i 4500 001 991001175699707536 005 20020507112250.0 008 970308s1971 us ||| | eng 035 $ab1018420x-39ule_inst 035 $aLE00643384$9ExL 040 $aDip.to Fisica$bita 084 $a53(082.2) 084 $a53.0.677 084 $aQC770 111 2 $aInternational Conference on bubble chamber technology$0463460 245 10$aProceedings of International Conference on bubble chamber technology :$bJune 10-12, 1970 Argonne National Laboratory /$cedited by M. Derrick 260 $aArgonne, IL :$bArgonne National Laboratory,$c1971 300 $a2 v. (1212 p. compless.) ;$c28 cm. 650 4$aBubble chambers$xCongresses 700 1 $aDerrick, M. 710 2 $aArgonne National Laboratory 907 $a.b1018420x$b21-09-06$c27-06-02 912 $a991001175699707536 945 $aLE006 53(042+082.2) ARG$cV. 1$g1$i2006000031578$lle006$o-$pE0.00$q-$rl$s- $t0$u0$v0$w0$x0$y.i1022614x$z27-06-02 945 $aLE006 53(042+082.2) ARG$cV. 2$g1$i2006000031585$lle006$o-$pE0.00$q-$rl$s- $t0$u0$v0$w0$x0$y.i10226151$z27-06-02 996 $aProceedings of International Conference on bubble chamber technology$9190540 997 $aUNISALENTO 998 $ale006$b01-01-97$cm$da $e-$feng$gus $h0$i2 LEADER 03212nam 22005651 450 001 9910785605703321 005 20130509092618.0 010 $a1-4411-3138-8 010 $a1-62892-675-9 010 $a1-283-74119-9 010 $a1-4411-4610-5 024 7 $a10.5040/9781628926750 035 $a(CKB)2670000000238832 035 $a(EBL)1014741 035 $a(OCoLC)810078003 035 $a(SSID)ssj0000704806 035 $a(PQKBManifestationID)12331319 035 $a(PQKBTitleCode)TC0000704806 035 $a(PQKBWorkID)10720111 035 $a(PQKB)11400992 035 $a(MiAaPQ)EBC1014741 035 $a(OCoLC)859992682 035 $a(UtOrBLW)bpp09256658 035 $a(EXLCZ)992670000000238832 100 $a20140929d2012 uy 0 101 0 $aeng 135 $aur|nuuuuuuuu| 181 $ctxt$2rdacontent 182 $cc$2rdamedia 183 $acr$2rdacarrier 200 10$aDivine providence $ea history : the Bible, Virgil, Orosius, Augustine, and Dante /$fBrenda Deen Schildgen 210 1$aLondon ;$aNew York :$cContinuum,$d2012. 215 $a1 online resource (265 pages) 300 $aDescription based upon print version of record. 320 $aIncludes bibliographical references (pages [169]-237) and index. 327 $aIntroduction : The idea of divine providence in Orosius, Augustine, and Dante -- Destined lands and chosen fathers: Virgil, Livy, and the Bible -- Orosius defends the Roman Empire -- Augustine's theology of history -- Dante's monarchia with and against Augustine -- Dante's Commedia and the ascent to incarnational history -- Conclusion : "The hand of God. 330 $a"Holding divine intervention responsible for political and military success and failure has a long history in western thought. This book explores the idea of providential history as an organizing principle for understanding the divine purpose for humans in texts that may be literary, historical, philosophical, and theological. Providential History shows that, with Virgil and the Bible as authoritative precursors to late antique views on history, the two most important political thinkers of the late antique Christian world, Orosius and Augustine, produced the theories of Christian politics and history that were carried over into the first and second millennium of Christianity. Likewise, their understanding of how the history of the late Roman Empire connects to God's plan for humankind became the background for understanding Dante's own positions in the Monarchia and the Commedia. Brenda Deen Schildgen examines Dante's engagement with these authoritative sources, whether in biblical, ancient Roman writers, or the specific legacy of Orosius and Augustine. "--Bloomsbury Publishing. 606 $aHistory$xPhilosophy 606 $aProvidence and government of God 606 $2Literary studies: classical, early & medieval 615 0$aHistory$xPhilosophy. 615 0$aProvidence and government of God. 676 $a202/.117 700 $aSchildgen$b Brenda Deen$f1942-$01514582 801 0$bUtOrBLW 801 1$bUtOrBLW 906 $aBOOK 912 $a9910785605703321 996 $aDivine providence$93785009 997 $aUNINA